000 00586nam a2200193Ia 4500
005 20250923145630.0
008 008 250917s9999 xx 000 0 eng d
037 _aTextual
040 _aDSWL
_beng
_cDSWL
041 _aeng
_2eng
084 _aX:75213:g, N83
_qDSWL
245 0 _aBasic Needs Viewed From Above and From Below : The Case of Karnataka
_c by T.S. . Epstein
260 _aParis
_bOrg. for Eco. Co. and Development
_c1983
300 _a149 p.
365 _aGBP
_b5.4
925 _g5.4
942 _cTEXL
_hX:75213:g, N83
999 _c1453715
_d1453715